Statistiken für Die größten Handelspartner - Europäische Union

Klicken Sie hier um das Quiz zu spielen!

Allgemein

  • Dieses Quiz wurde 1,695 mal gespielt
  • Das Durchschnittsergebnis liegt bei 19 aus 24

Antwortstatistiken

Imports Exports Country % Korrekt
246 bil370 bilVereinigte Staaten
100%
364 bil206 bilChina
99%
30.9 bil34.6 bilBrasilien
97%
28.2 bil35.2 bilKanada
97%
136 bil73.9 bilRussland
97%
59.7 bil56.6 bilJapan
96%
39.4 bil37.9 bilIndien
95%
31.7 bilAustralien
94%
19.7 bil33.7 bilMexiko
93%
61.6 bil79.0 bilTürkei
90%
19.3 bil25.5 bilSüdafrika
84%
21.6 bil40.2 bilSaudi-Arabien
83%
20.4 bilÄgypten
83%
42.3 bil47.9 bilSüdkorea
81%
102 bil151 bilSchweiz
80%
74.3 bil48.9 bilNorwegen
76%
19.5 bilThailand
69%
19.0 bilIsrael
63%
30.0 bilVietnam
61%
25.5 bilTaiwan
57%
20.9 bil22.3 bilAlgerien
55%
48.5 bilVAE
50%
22.7 bilMalaysia
44%
18.9 bil29.7 bilSingapur
40%

Verteilung der Resultate

Perzentil nach korrekt beantworteten Fragen

Anzahl Personen mit jedem Resultat

Ihre Resultats-Entwicklung

Sie haben dieses Quiz noch nicht gespielt